Music Quiz

Random Music or Bands Quiz
Score 0/20 Timer 01:30
2 Plays Today
% Correct
Bon
98%
Duran
97.1%
Pink
96.8%
Def
96.2%
Van
95.9%
Dire
93.8%
Milli
92.1%
Culture
92%
Cheap
90.5%
REO
90.4%
% Correct
Los
90.4%
Simple
88.5%
Air
87.6%
Mr.
87.2%
Simply
80.1%
Cutting
77.5%
Bad
77.3%
Club
70.6%
Lipps
69.5%
Atlantic
66.3%
Remove Ads.
Support Sporcle.
Get the best of Sporcle when you Go Orange. This ad-free experience offers more features, more stats, and more fun while also helping to support Sporcle. Thank you for becoming a member.

You're not logged in!

Compare scores with friends on all Sporcle quizzes.
OR
Log In

Show Comments

Extras

Top Quizzes Today


Score Distribution

Your Account Isn't Verified!

In order to create a playlist on Sporcle, you need to verify the email address you used during registration. Go to your Sporcle Settings to finish the process.

Report this User

Report this user for behavior that violates our Community Guidelines.

Details: